Letters that Don't Start a U.S. State - Statistics

General Stats
  • This quiz has been taken 69,537 times
  • The average score is 4 of 7
Answer Stats
Letter % Correct
Z
70%
B
66%
Q
64%
X
64%
E
63%
Y
61%
J
52%
No matching quizzes found
Score Distribution
Percent of People with Each Score
Percentile by Number Answered
Your Score History
You have not taken this quiz